COMPUTER NETWORKS (Record no. 8844)

MARC details
000 -LEADER
fixed length control field 00567nam a22001697a 4500
003 - CONTROL NUMBER IDENTIFIER
control field SGT
020 ## - INTERNATIONAL STANDARD BOOK NUMBER
International Standard Book Number 9789332518742
082 ## - DEWEY DECIMAL CLASSIFICATION NUMBER
Classification number 004.6,TAN
100 ## - MAIN ENTRY--PERSONAL NAME
Personal name TANENBAUM S. ANDREW
245 ## - TITLE STATEMENT
Title COMPUTER NETWORKS
250 ## - EDITION STATEMENT
Edition statement 5TH
260 ## - PUBLICATION, DISTRIBUTION, ETC. (IMPRINT)
Place of publication, distribution, etc NEW DELHI
Name of publisher, distributor, etc KIRTI PRAAKASHAN
Year of Publication 2015
300 ## - PAGE DESCRIPTION
No. of Pages 804
650 ## - SUBJECT ADDED ENTRY--TOPICAL TERM
Topical term or geographic name as entry element COMPUTER SCIENCE
653 ## - KEYWORDS--INDEX TERM
Keyword term INTRODUCTION, THE PHYSICAL LAYER, THE DATA LINK LAYER, THE MEDIUM ACCESS CONTROL SUBLAYER , THE NETWORK LAYER, THE TRANSPORT LAYER, THE APPLICATION LAYER, NETWORK SECURITY, READING LIST AND BIBLIOGRAPHY
942 ## - ADDED ENTRY ELEMENTS (KOHA)
Source of classification or shelving scheme Dewey Decimal Classification
Koha item type FCM Books
Holdings
Withdrawn status Lost status Source of classification or shelving scheme Damaged status Not for loan Home library Current library Shelving location Date acquired Vendor Name Cost, normal purchase price SGTU Bill Number Total Checkouts Full call number Accession No. (Barcode) Date last seen Date last borrowed Bill Date Koha item type
    Dewey Decimal Classification     SGT Science & Social Sciences Library SGT Science & Social Sciences Library Text Book 31/05/2016 KIRTI PRAKASHAN 659.00 SGTU 4000 6 004.6,TAN CM1642 06/12/2017 21/11/2017 08/04/2016 FCM Books
    Dewey Decimal Classification     SGT Science & Social Sciences Library SGT Science & Social Sciences Library Text Book 31/05/2016 KIRTI PRAKASHAN 659.00 SGTU 4000 1 004.6,TAN CM1643 08/12/2025 24/11/2025 08/04/2016 FCM Books
    Dewey Decimal Classification   Not For Loan SGT Science & Social Sciences Library SGT Science & Social Sciences Library Reference Book 31/05/2016 KIRTI PRAKASHAN 659.00 SGTU 4000   004.6,TAN CM1644 31/05/2016   08/04/2016 FCM Books